Spomienky žijú a budú žiť desať rokov uplynulo odo dňa, keď sa J. Škatulár navždy rozlúčil so svojím rodným mestom

Bibliographic Details
Main Author: Banda, Pavol, 1930- (Author)
Format: Article
Language:Slovak
PhysicalDescription:Obr.
ISSN:1336-4030
Subjects:
Online Access:www.vecernik.po.sk

MARC

LEADER 00000nab a2200000 a 4500
001 vtls009166968
003 SK-MaSNL
005 20260304034227.0
008 071213c20071108xo dr n 000 00slo
015 |a SNBRB2007/12SVKPO 
038 |a SVKPOCL 
040 |a SVKPOCL  |b slo  |c AACR2  |e AACR2 
041 |a slo 
044 |a xo  |c SK 
080 |a 75.071.2  |2 2001 
080 |a 929 Škatulár, Juraj  |2 2001 
100 1 |a Banda, Pavol,  |d 1930-  |4 aut  |9 586001 
245 1 0 |a Spomienky žijú a budú žiť  |b desať rokov uplynulo odo dňa, keď sa J. Škatulár navždy rozlúčil so svojím rodným mestom  |c Pavol Banda 
300 |a Obr. 
600 1 7 |a Škatulár, Juraj,  |d 1932-1997  |2 svkpocl  |9 255277 
651 7 |a Prešov (Slovensko)  |2 svkpocl  |9 17347 
773 0 |t Prešovský večerník  |g Roč. XVIII, č. 4322 (8.11.2007), s. 8-9  |x 1336-4030 
852 |a SVKPO  |b KIS3GCP 
856 4 1 |u www.vecernik.po.sk 
958 |a BX 
999 |c 2652021  |d 2653951